• 首页
  • 本馆介绍
  • 公告通知
  • 最新文献
  • 馆藏检索
  • 电子资源
  • 读者导购
  • 参考咨询
  • 我的图书馆
  • 登录
  • 详细信息显示
  • 放入我的书架
  • 预约/预借图书
  • 作者相关作品
  • 分类相关作品
  • 丛书相关作品
  • 出版社相关作品

书目信息

  • 表格格式
  • 工作单格式
  • 卡片格式
题名:
无人驾驶
    
 
作者: 利普森 , 库曼 著 ;林露茵 , 金阳 译
分册:  
出版信息: 上海   文汇出版社  2017.5
页数: 338页
开本: 25cm
丛书名:
单 册:
中图分类: U469.79
科图分类:
主题词: 无人驾驶--汽车
电子资源:
ISBN: 978-7-5496-2100-2
000 01493nam0 2200313 450
001 0400001801
005 20171019162123.0
010    @a978-7-5496-2100-2@dCNY58.00
100    @a20170802e2017 em y0chiy50 ea
101 1  @achi@ceng
102    @aCN@b310000
105    @aa z 000yy
106    @ar
200 1  @a无人驾驶@9wu ren jia shi@e人工智能将从颠覆驾驶开始,全面重构人类生活@dDriverless: intelligent cars and the road ahead@f(美)胡迪·利普森(Hod Lipson),(美)梅尔芭·库曼(Melba Kurman)著@g林露茵,金阳译@zeng
210    @a上海@c文汇出版社@d2017.5
215    @a338页@c图,照片@d25cm
300    @a读客
314    @a胡迪·利普森 (Hod Lipson),人工智能、机器人学专家,哥伦比亚大学人工智能实验室主任,原康奈尔大学人工智能研究院负责人,曾著有《3D打印》一书。利普森教授的著有200余篇论文,被各大学术刊物引用超过1万次。
314    @a梅尔芭·库曼 (Melba Kurman),曾在微软和康奈尔大学从事人工智能实验和产品研发工作超过15年,她现在是一家创新公司的总裁,曾著有《3D打印》一书。
330    @a本书为读者展示这项新技术所面临的风险和无人驾驶汽车的优点,并对它所涉及的领域做出了引人入胜的解释和分析。主要内容包括:无人驾驶的世界、终极的移动设备等。
510 1  @aDriverless@zeng
606 0  @a无人驾驶@x汽车
690    @aU469.79@v5
701  0 @c(美)@a利普森@9li pu sen@c(Lipson, Hod)@4著
701  0 @c(美)@a库曼@9ku man@c(Kurman, Melba)@4著
702  0 @a林露茵@9lin lu yin@4译
702  0 @a金阳@9jin yang@4译
801  0 @aCN@b91MARC@c20171019
905    @b1025676-80@dU469.79@f5@e487
    
    无人驾驶:人工智能将从颠覆驾驶开始,全面重构人类生活=Driverless: intelligent cars and the road ahead/(美)胡迪·利普森(Hod Lipson),(美)梅尔芭·库曼(Melba Kurman)著/林露茵,金阳译.-上海:文汇出版社,2017.5
    338页:图,照片;25cm
    读客
    
    ISBN 978-7-5496-2100-2:CNY58.00
    本书为读者展示这项新技术所面临的风险和无人驾驶汽车的优点,并对它所涉及的领域做出了引人入胜的解释和分析。主要内容包括:无人驾驶的世界、终极的移动设备等。
●
相关链接 在E读中查询图书 在五车中查询图书 在当当中查询图书 在豆瓣中查询图书


正题名:无人驾驶     索取号:U469.79/487         预约/预借

序号 登录号 条形码 馆藏地/架位号 状态 备注
1 1025676   210256765   第二样本阅览室/ [索取号:U469.79/487] 在馆    
2 1025677   210256774   第三借阅区/ [索取号:U469.79/487] 在馆    
3 1025678   210256783   第三借阅区/ [索取号:U469.79/487] 在馆    
4 1025679   210256792   第三借阅区/ [索取号:U469.79/487] 在馆    
5 1025680   210256809   密集书库-物理学院/ [索取号:U469.79/487] 在馆    
唐山师范学院图书馆 欢迎您!
大连网信软件有限公司© 版权所有